[Event "Poznan op 28th"]
[Site "Poznan"]
[Date "2021.08.19"]
[Round "6"]
[White "Tadych, Szymon"]
[Black "Borkowski, Pawel"]
[Result "1-0"]
[WhiteElo "1396"]
[BlackElo "1141"]
[PlyCount "79"]
[EventDate "2021.08.15"]
[EventType "swiss"]
[EventRounds "9"]
[EventCountry "POL"]
[SourceTitle "CBM 203 Extra"]
[Source "ChessBase"]
[SourceDate "2021.09.30"]
[SourceVersion "1"]
[SourceVersionDate "2021.09.30"]
[SourceQuality "1"]

1. e4 e5 2. Nf3 Nc6 3. d4 exd4 4. Bc4 Nf6 5. e5 d5 6. Bb5 Ne4 7. 0-0 Bd7 8. Bxc6 bxc6 9. Nxd4 Bc5 10. f3 Ng5 11. f4 Ne6 12. c3 Nxd4 13. cxd4 Be7 14. f5 c5 15. e6 fxe6 16. Qh5+ g6 17. fxg6 Bf6 18. g7+ Ke7 19. gxh8Q Qxh8 20. Rxf6 Kd6 21. Qe5+ Kc6 22. Bf4 Rc8 23. Rxe6+ Bxe6 24. Qxe6+ Kb7 25. Qxd5+ c6 26. Qxc5 Rg8 27. Qe7+ Ka6 28. Be5 Rxg2+ 29. Kxg2 Qg8+ 30. Kf2 Qg6 31. Qa3+ Kb6 32. Nd2 Qf5+ 33. Nf3 Qc2+ 34. Kg1 Qg6+ 35. Bg3 Qg4 36. Rc1 Kb7 37. Qc3 c5 38. Qxc5 Qxf3 39. Qb5+ Ka8 40. Qb8# 1-0